| 000 | 00778nam a2200229 i 4500 | ||
|---|---|---|---|
| 001 | 147080 | ||
| 003 | ES-MaACL | ||
| 005 | 20250512063038.0 | ||
| 007 | t| | ||
| 008 | 070921s1947 sp ||||1| spa d | ||
| 080 | _a929 Stalin, Iosif Vissarionovich | ||
| 080 | _a94(47+57)"1925/53" | ||
| 100 | 1 |
_aTrotsky, Leon, _d1879-1940 _9240350 |
|
| 245 | 1 | 0 |
_aStalin y sus crímenes / _cLeón Trostsky ; [traducción directa del ruso] ; prólogo y notas de Mauricio Karl (seud.). |
| 260 |
_a[Madrid : _bEOS, _c[1947] |
||
| 300 |
_a304 p. ; _c24 cm. |
||
| 600 | 1 | 4 |
_aStalin, Iosif Vissarionovich, _d1879-1953 _9107862 |
| 651 | 4 |
_aURSS- _xHistoria- _y1925-1953. _99472 |
|
| 700 | 1 |
_aKarl, Mauricio. _967562 |
|
| 852 |
_aES-MaACL _jA-4127 _bR.23455 |
||
| 999 |
_c147080 _d147080 |
||